[Event "Landesliga Sued 1213"]
[Site "Bayern"]
[Date "2012.10.14"]
[Round "1.8"]
[White "Hackbarth, Wolfgang"]
[Black "Barskiy, Vitaliy"]
[Result "1-0"]
[WhiteElo "2047"]
[BlackElo "1765"]
[PlyCount "93"]
[EventDate "2012.10.14"]
[EventType "team-tourn"]
[EventRounds "9"]
[EventCountry "GER"]
[SourceTitle "EXT 2015"]
[Source "ChessBase"]
[SourceDate "2014.11.20"]
[SourceVersion "1"]
[SourceVersionDate "2014.11.20"]
[SourceQuality "1"]
[WhiteTeam "Rottal"]
[BlackTeam "Haunstetten"]
[WhiteTeamCountry "GER"]
[BlackTeamCountry "GER"]

1. c4 Nf6 2. d4 e6 3. Nf3 b6 4. g3 Bb4+ 5. Bd2 Qe7 6. Bg2 Bb7 7. 0-0 0-0 8. a3 Bxd2 9. Nbxd2 d5 10. Ne5 Nbd7 11. Rc1 Nxe5 12. dxe5 Ng4 13. Nf3 Rad8 14. Qd4 h5 15. c5 Ba6 16. Rfe1 Bb7 17. Rc2 Rc8 18. Rec1 f6 19. Qb4 a5 20. Qb3 fxe5 21. h3 Qf6 22. hxg4 hxg4 23. Nh2 Qxf2+ 24. Kh1 Qf5 25. cxb6 c5 26. Rf1 Qh5 27. Kg1 c4 28. Qa4 Rxf1+ 29. Nxf1 Rf8 30. e3 Qf5 31. Re2 d4 32. e4 Bxe4 33. Rxe4 Qf2+ 34. Kh1 Qxb2 35. Qxc4 Qb1 36. Qxe6+ Kh8 37. Qxe5 Rxf1+ 38. Kh2 Rf6 39. Qe8+ Kh7 40. Re1 Qxb6 41. Be4+ g6 42. Qd7+ Kh6 43. Qxg4 Qb2+ 44. Bg2 Rf2 45. Qh3+ Kg7 46. Re7+ Kf8 47. Ra7 1-0

[Event "Oberliga Bayern 1011"]
[Site "Germany"]
[Date "2011.02.06"]
[Round "6.8"]
[White "Lindenberg, Georg"]
[Black "Hackbarth, Wolfgang"]
[Result "1/2-1/2"]
[WhiteElo "2107"]
[BlackElo "2058"]
[PlyCount "61"]
[EventDate "2010.10.10"]
[EventType "team-tourn"]
[EventRounds "9"]
[EventCountry "GER"]
[SourceTitle "EXT 2012"]
[Source "ChessBase"]
[SourceDate "2011.11.24"]
[SourceVersion "1"]
[SourceVersionDate "2011.11.24"]
[SourceQuality "1"]
[WhiteTeam "Pang/Rosenheim"]
[BlackTeam "Rottal"]
[WhiteTeamCountry "GER"]
[BlackTeamCountry "GER"]

1. e4 e5 2. Nf3 Nc6 3. Bb5 a6 4. Bxc6 dxc6 5. 0-0 f6 6. d4 Bg4 7. dxe5 Qxd1 8. Rxd1 fxe5 9. Nbd2 0-0-0 10. Re1 Bd6 11. h3 Bd7 12. b3 Nh6 13. Bb2 Nf7 14. Nc4 Rhe8 15. Ne3 g6 16. Rad1 Re6 17. Rd3 b5 18. Red1 h5 19. a4 Bc5 20. Kf1 Bxe3 21. Rxe3 c5 22. axb5 Bxb5+ 23. Ke1 Rxd1+ 24. Kxd1 c4 25. h4 Kd7 26. bxc4 Bxc4 27. Ra3 Bf1 28. g3 Bb5 29. Kd2 Rd6+ 30. Ke3 Ke6 31. Nd2 1/2-1/2

[Event "EU-chT Seniors 12th"]
[Site "Dresden"]
[Date "2010.02.16"]
[Round "7"]
[White "Hackbarth, Wolfgang"]
[Black "Rost van Tonningen, Otto"]
[Result "1/2-1/2"]
[WhiteElo "2136"]
[BlackElo "2058"]
[PlyCount "45"]
[EventDate "2010.02.10"]
[EventType "team-swiss"]
[EventRounds "9"]
[EventCountry "GER"]
[SourceTitle "CBM 134 Extra"]
[Source "ChessBase"]
[SourceDate "2010.03.03"]
[SourceVersion "1"]
[SourceVersionDate "2010.03.03"]
[SourceQuality "1"]
[WhiteTeam "Salzburg Seniors"]
[BlackTeam "Oranje (Seniors)"]
[WhiteTeamCountry "AUT"]
[BlackTeamCountry "NED"]

1. c4 Nf6 2. d4 g6 3. Nc3 Bg7 4. e4 d6 5. h3 0-0 6. Be3 c5 7. d5 Qa5 8. Qd2 a6 9. f3 Re8 10. Bd3 Bd7 11. Nge2 b5 12. Kf2 bxc4 13. Bxc4 Bb5 14. Nxb5 axb5 15. Qxa5 Rxa5 16. Bd2 b4 17. a3 Nbd7 18. axb4 Rxa1 19. Rxa1 Ne5 20. Rc1 Nfd7 21. Bb5 Rb8 22. Bxd7 Nxd7 23. Rc2 1/2-1/2

[Event "AUT-ch"]
[Site "Jenbach"]
[Date "2009.07.30"]
[Round "6"]
[White "Tabernig, Bernhard"]
[Black "Hackbarth, Wolfgang"]
[Result "1-0"]
[WhiteElo "2323"]
[BlackElo "2123"]
[PlyCount "75"]
[EventDate "2009.07.25"]
[EventType "swiss"]
[EventRounds "9"]
[EventCountry "AUT"]
[SourceTitle "CBM 131 Extra"]
[Source "ChessBase"]
[SourceDate "2009.09.03"]
[SourceVersion "2"]
[SourceVersionDate "2009.09.16"]
[SourceQuality "1"]

1. d4 Nf6 2. c4 g6 3. Nc3 Bg7 4. e4 d6 5. Be2 0-0 6. Nf3 e5 7. Be3 Nc6 8. d5 Nb4 9. a3 Na6 10. Nd2 c5 11. Rb1 Bd7 12. b4 b6 13. 0-0 Ne8 14. bxc5 dxc5 15. Nb5 Nac7 16. a4 Nxb5 17. cxb5 Nd6 18. f3 Re8 19. Nc4 Bf8 20. Qc2 f5 21. g3 Qf6 22. Bd2 h5 23. Bd3 h4 24. Rbe1 hxg3 25. hxg3 Kf7 26. f4 Nxc4 27. Qxc4 exf4 28. Bxf4 Bd6 29. exf5 Bxf4 30. fxg6+ Kg7 31. Qxf4 Qxf4 32. gxf4 Kf6 33. Kf2 Bf5 34. Bxf5 Kxf5 35. Rxe8 Rxe8 36. Rg1 Kxf4 37. g7 Rg8 38. d6 1-0

[Event "Lienz op 15th"]
[Site "Lienz"]
[Date "2009.02.14"]
[Round "9"]
[White "Ganaus, Hannes"]
[Black "Hackbarth, Wolfgang"]
[Result "1-0"]
[WhiteElo "2266"]
[BlackElo "2149"]
[PlyCount "63"]
[EventDate "2009.02.07"]
[EventType "swiss"]
[EventRounds "9"]
[EventCountry "AUT"]
[SourceTitle "CBM 128 Extra"]
[Source "ChessBase"]
[SourceDate "2009.03.05"]
[SourceVersion "2"]
[SourceVersionDate "2009.03.25"]
[SourceQuality "1"]

1. d4 Nf6 2. c4 g6 3. Nc3 Bg7 4. Nf3 d6 5. g3 Nbd7 6. Bg2 c5 7. 0-0 0-0 8. b3 Rb8 9. Bb2 a6 10. a4 Qc7 11. Re1 Rd8 12. d5 Nf8 13. e4 Bd7 14. Rc1 Ne8 15. Bf1 f6 16. Nh4 e5 17. dxe6 Bxe6 18. Nd5 Qf7 19. f4 Bd7 20. a5 Bc6 21. Ng2 Nd7 22. Nge3 Nf8 23. h4 Nc7 24. h5 Nxd5 25. cxd5 Bb5 26. Bxb5 axb5 27. Qd3 b4 28. Kg2 gxh5 29. Nf5 Ng6 30. Rh1 Rd7 31. Qf3 h4 32. g4 1-0

[Event "Landesliga Sued 0809"]
[Site "Bayern"]
[Date "2008.10.26"]
[Round "2.6"]
[White "Haas, Peter"]
[Black "Hackbarth, Wolfgang"]
[Result "1/2-1/2"]
[WhiteElo "2039"]
[BlackElo "2119"]
[PlyCount "43"]
[EventDate "2008.10.05"]
[EventType "team-tourn"]
[EventRounds "9"]
[EventCountry "GER"]
[SourceTitle "EXT 2020"]
[Source "ChessBase"]
[SourceDate "2019.10.17"]
[SourceVersion "1"]
[SourceVersionDate "2019.10.17"]
[SourceQuality "1"]
[WhiteTeam "Sendling"]
[BlackTeam "Rottal"]
[WhiteTeamCountry "GER"]
[BlackTeamCountry "GER"]

1. e4 e5 2. Nf3 Nc6 3. Bb5 a6 4. Ba4 Nf6 5. 0-0 b5 6. Bb3 Be7 7. Re1 d6 8. c3 Na5 9. Bc2 c5 10. d4 Qc7 11. b3 Bg4 12. d5 0-0 13. h3 Bd7 14. Nbd2 g6 15. Nf1 Nh5 16. Bh6 Rfe8 17. Qd2 c4 18. b4 Nb7 19. a4 a5 20. axb5 axb4 21. cxb4 Bxb5 22. Qc3 1/2-1/2

[Event "AUT-chT2W 0809"]
[Site "Austria"]
[Date "2008.10.18"]
[Round "2.6"]
[White "Scheiblmaier, Robert"]
[Black "Hackbarth, Wolfgang"]
[Result "0-1"]
[WhiteElo "2133"]
[BlackElo "2167"]
[PlyCount "61"]
[EventDate "2008.10.17"]
[EventType "team-tourn"]
[EventRounds "11"]
[EventCountry "AUT"]
[SourceTitle "EXT 2010"]
[Source "ChessBase"]
[SourceDate "2010.11.25"]
[SourceVersion "1"]
[SourceVersionDate "2010.11.25"]
[SourceQuality "1"]
[WhiteTeam "Salzburg"]
[BlackTeam "Ranshofen"]
[WhiteTeamCountry "AUT"]
[BlackTeamCountry "AUT"]

1. d4 Nf6 2. c4 g6 3. Nc3 Bg7 4. e4 d6 5. f3 0-0 6. Be3 Nc6 7. Nge2 e5 8. d5 Nb4 9. a3 Na6 10. b4 c5 11. b5 Nc7 12. a4 Nce8 13. Qd2 Qa5 14. g4 a6 15. Ng3 Bh8 16. h4 Bxg4 17. fxg4 Nxg4 18. Bg5 f6 19. Be2 Nf2 20. Kxf2 fxg5+ 21. Kg2 gxh4 22. Rxh4 Rf4 23. Rah1 Nf6 24. Nb1 Qxd2 25. Nxd2 axb5 26. axb5 Ra2 27. Rxf4 exf4 28. Ngf1 Nd7 29. Kf2 Bd4+ 30. Kf3 g5 31. Kg4 0-1

[Event "Landesliga Sued 0809"]
[Site "Bayern"]
[Date "2008.10.05"]
[Round "1.8"]
[White "Hackbarth, Wolfgang"]
[Black "Leckner, Thomas"]
[Result "1/2-1/2"]
[WhiteElo "2120"]
[BlackElo "1759"]
[PlyCount "35"]
[EventDate "2008.10.05"]
[EventType "team-tourn"]
[EventRounds "9"]
[EventCountry "GER"]
[SourceTitle "EXT 2020"]
[Source "ChessBase"]
[SourceDate "2019.10.17"]
[SourceVersion "1"]
[SourceVersionDate "2019.10.17"]
[SourceQuality "1"]
[WhiteTeam "Rottal"]
[BlackTeam "Tegernsee II"]
[WhiteTeamCountry "GER"]
[BlackTeamCountry "GER"]

1. c4 c6 2. d4 d5 3. e3 Nf6 4. Nc3 e6 5. Bd3 dxc4 6. Bxc4 b5 7. Bd3 Bb7 8. Nf3 a6 9. 0-0 Be7 10. a3 c5 11. dxc5 Bxc5 12. b4 Be7 13. Bb2 0-0 14. Qe2 Nbd7 15. Rfd1 Qb6 16. Rac1 Rfd8 17. e4 Rac8 18. Bb1 1/2-1/2

[Event "AUT-ch qual"]
[Site "Leoben"]
[Date "2008.07.24"]
[Round "6.5"]
[White "Pretterhofer, Kiaras"]
[Black "Hackbarth, Wolfgang"]
[Result "1/2-1/2"]
[WhiteElo "1937"]
[BlackElo "2167"]
[PlyCount "48"]
[EventDate "2008.07.19"]
[EventType "swiss"]
[EventRounds "9"]
[EventCountry "AUT"]
[SourceTitle "EXT 2024"]
[Source "ChessBase"]
[SourceDate "2023.10.10"]
[SourceVersion "1"]
[SourceVersionDate "2023.10.10"]
[SourceQuality "1"]

1. e4 Nc6 2. Nf3 e5 3. Bb5 a6 4. Bxc6 dxc6 5. 0-0 Bg4 6. h3 Bxf3 7. Qxf3 Qf6 8. Qxf6 Nxf6 9. d3 Bc5 10. Bg5 Nd7 11. Nd2 f6 12. Be3 g5 13. Nb3 Bxe3 14. fxe3 Ke7 15. Kf2 b6 16. Ke2 a5 17. a4 c5 18. Rf5 Nf8 19. Raf1 Ne6 20. Nd2 h5 21. R5f2 Rh6 22. g3 c6 23. Nc4 Ra6 24. Ra1 Rh8 1/2-1/2

[Event "AUT-ch qual"]
[Site "Leoben"]
[Date "2008.07.23"]
[Round "5.6"]
[White "Haas, Bernhard"]
[Black "Hackbarth, Wolfgang"]
[Result "0-1"]
[WhiteElo "2020"]
[BlackElo "2167"]
[PlyCount "42"]
[EventDate "2008.07.19"]
[EventType "swiss"]
[EventRounds "9"]
[EventCountry "AUT"]
[SourceTitle "EXT 2024"]
[Source "ChessBase"]
[SourceDate "2023.10.10"]
[SourceVersion "1"]
[SourceVersionDate "2023.10.10"]
[SourceQuality "1"]

1. d4 Nf6 2. c4 g6 3. Nc3 Bg7 4. e4 d6 5. Nf3 0-0 6. Be2 e5 7. d5 Nbd7 8. Bg5 h6 9. Bh4 a5 10. Nd2 Nc5 11. b3 Bd7 12. 0-0 Qe8 13. a3 g5 14. Bg3 Nfxe4 15. Ncxe4 Nxe4 16. Nxe4 f5 17. Nd2 f4 18. Ne4 Bf5 19. Bd3 b6 20. Nxd6 cxd6 21. h4 Bxd3 0-1

[Event "Arco op 29th"]
[Site "Arco"]
[Date "2007.10.26"]
[Round "7"]
[White "Hackbarth, Wolfgang"]
[Black "Bonade, Massimo"]
[Result "1-0"]
[WhiteElo "2119"]
[BlackElo "2168"]
[PlyCount "79"]
[EventDate "2007.10.20"]
[EventType "swiss"]
[EventRounds "9"]
[EventCountry "ITA"]
[SourceTitle "CBM 120 Extra"]
[Source "ChessBase"]
[SourceDate "2007.11.01"]
[SourceVersion "1"]
[SourceVersionDate "2007.11.01"]
[SourceQuality "1"]

1. c4 Nf6 2. Nc3 c5 3. g3 e6 4. Nf3 d5 5. cxd5 exd5 6. d4 Be6 7. Bg2 Nc6 8. 0-0 Be7 9. Bg5 cxd4 10. Nxd4 0-0 11. Nxe6 fxe6 12. Bh3 Qd6 13. Nb5 Qd7 14. Nd4 Nxd4 15. Qxd4 h6 16. Qe5 Kf7 17. Rac1 Rac8 18. Be3 Bd6 19. Qd4 b6 20. Bf4 Kg8 21. Bxd6 Qxd6 22. Rfd1 Rxc1 23. Rxc1 Ne4 24. f3 Ng5 25. Bg2 e5 26. Qa4 Qe7 27. Qc6 Rd8 28. Qc7 Rd7 29. Qb8+ Rd8 30. Rc7 Qf6 31. Qxa7 e4 32. f4 Qd4+ 33. Kf1 Ne6 34. Rc1 Qxb2 35. Re1 Nd4 36. Qe7 Ra8 37. Qe5 Ra5 38. Bh3 Qb4 39. Rd1 Nc2 40. Qe8+ 1-0

[Event "Landesliga Sued 0607"]
[Site "Bayern"]
[Date "2007.04.22"]
[Round "9.6"]
[White "Hackbarth, Wolfgang"]
[Black "Keller, Manfred"]
[Result "0-1"]
[WhiteElo "2090"]
[BlackElo "2163"]
[PlyCount "84"]
[EventDate "2006.10.15"]
[EventType "team-tourn"]
[EventRounds "9"]
[EventCountry "GER"]
[SourceTitle "EXT 2008"]
[Source "ChessBase"]
[SourceDate "2007.11.25"]
[SourceVersion "1"]
[SourceVersionDate "2007.11.25"]
[SourceQuality "1"]
[WhiteTeam "Pfarrkirchen SC"]
[BlackTeam "Pang/Rosenheim"]
[WhiteTeamCountry "GER"]
[BlackTeamCountry "GER"]

1. c4 Nf6 2. d4 g6 3. Nc3 d5 4. Nf3 Bg7 5. g3 0-0 6. cxd5 Nxd5 7. Bg2 c5 8. e3 cxd4 9. exd4 Nc6 10. 0-0 Bg4 11. h3 Bxf3 12. Bxf3 Nb6 13. d5 Ne5 14. Bg2 Qd7 15. Qb3 Rfc8 16. Bg5 h6 17. Be3 Nbc4 18. Nd1 a5 19. a4 Nd6 20. Rc1 Qf5 21. Rxc8+ Rxc8 22. Bd4 Nf3+ 23. Qxf3 Qxf3 24. Bxf3 Bxd4 25. Re1 Kf8 26. Re2 Rc4 27. b3 Rb4 28. Rd2 Rxb3 29. Rxd4 Rxf3 30. Ne3 Nf5 31. Nxf5 Rxf5 32. f4 Ke8 33. Kf2 Kd7 34. Ke3 Rf6 35. Rd2 Rb6 36. f5 Rb3+ 37. Kd4 Rb4+ 38. Ke3 gxf5 39. Rf2 Re4+ 40. Kd3 Rxa4 41. Rxf5 Ra3+ 42. Kc4 Rxg3 0-1

[Event "Landesliga Sued 0607"]
[Site "Bayern"]
[Date "2007.04.01"]
[Round "8.6"]
[White "Muehlig Versen, Peter"]
[Black "Hackbarth, Wolfgang"]
[Result "1/2-1/2"]
[WhiteElo "2024"]
[BlackElo "2090"]
[PlyCount "35"]
[EventDate "2006.10.15"]
[EventType "team-tourn"]
[EventRounds "9"]
[EventCountry "GER"]
[SourceTitle "EXT 2008"]
[Source "ChessBase"]
[SourceDate "2007.11.25"]
[SourceVersion "1"]
[SourceVersionDate "2007.11.25"]
[SourceQuality "1"]
[WhiteTeam "Weilheim"]
[BlackTeam "Pfarrkirchen SC"]
[WhiteTeamCountry "GER"]
[BlackTeamCountry "GER"]

1. d4 Nf6 2. Nf3 g6 3. g3 Bg7 4. Bg2 0-0 5. 0-0 d5 6. c4 c6 7. Ne5 Nbd7 8. Nc3 e6 9. Nxd7 Qxd7 10. c5 Re8 11. Bf4 Ng4 12. Bd6 e5 13. e3 f6 14. b4 Nh6 15. b5 Nf7 16. bxc6 bxc6 17. dxe5 fxe5 18. Rb1 1/2-1/2

[Event "AUT-ch qual"]
[Site "Austria"]
[Date "2007.??.??"]
[Round "7"]
[White "Hackbarth, Wolfgang"]
[Black "Kuthan, Andreas"]
[Result "0-1"]
[WhiteElo "2145"]
[BlackElo "2221"]
[PlyCount "70"]
[EventDate "2007.??.??"]
[EventType "swiss"]
[EventRounds "9"]
[EventCountry "AUT"]
[SourceTitle "EXT 2008"]
[Source "ChessBase"]
[SourceDate "2007.11.25"]
[SourceVersion "1"]
[SourceVersionDate "2007.11.25"]
[SourceQuality "1"]

1. c4 Nf6 2. d4 g6 3. Nc3 Bg7 4. e4 d6 5. h3 0-0 6. Be3 e5 7. d5 Na6 8. Bd3 Nh5 9. Nge2 f5 10. f3 Nc5 11. b4 Nxd3+ 12. Qxd3 Nf4 13. Nxf4 exf4 14. Bd4 Qh4+ 15. Kd2 fxe4 16. Nxe4 Bf5 17. Rae1 a5 18. b5 Rae8 19. Bxg7 Kxg7 20. Qd4+ Kh6 21. Qf2 Qd8 22. Qd4 Bxe4 23. Rxe4 Qg5 24. Rhe1 Qxg2+ 25. R1e2 Rxe4 26. Qxe4 Qg1 27. Qe7 Qd4+ 28. Ke1 Qg1+ 29. Kd2 Qd4+ 30. Ke1 Rf5 31. h4 Qg1+ 32. Kd2 Qd4+ 33. Ke1 Qxc4 34. h5 Qxb5 35. Qh4 Qb4+ 0-1

[Event "Landesliga Sued 0607"]
[Site "Bayern"]
[Date "2006.12.10"]
[Round "4.7"]
[White "Amelang, Thomas"]
[Black "Hackbarth, Wolfgang"]
[Result "1-0"]
[WhiteElo "2115"]
[BlackElo "2093"]
[PlyCount "93"]
[EventDate "2006.10.15"]
[EventType "team-tourn"]
[EventRounds "9"]
[EventCountry "GER"]
[SourceTitle "EXT 2008"]
[Source "ChessBase"]
[SourceDate "2007.11.25"]
[SourceVersion "1"]
[SourceVersionDate "2007.11.25"]
[SourceQuality "1"]
[WhiteTeam "Muenchen Siemens"]
[BlackTeam "Pfarrkirchen SC"]
[WhiteTeamCountry "GER"]
[BlackTeamCountry "GER"]

1. e4 e5 2. Nf3 Nc6 3. Bb5 a6 4. Ba4 Nf6 5. 0-0 b5 6. Bb3 Be7 7. Re1 d6 8. c3 Na5 9. Bc2 c5 10. d3 Qc7 11. Nbd2 0-0 12. Nf1 Re8 13. h3 g6 14. Bg5 Nh5 15. Be3 Be6 16. N3h2 Nf4 17. Qf3 g5 18. Ng3 Qd7 19. Ng4 Kg7 20. Bd2 Kh8 21. Nh6 Bf8 22. Nhf5 f6 23. d4 Nc4 24. Bc1 cxd4 25. cxd4 Rac8 26. Qd1 Qc7 27. Bb3 Qb7 28. d5 Bf7 29. Ne3 Na5 30. Ng4 Be7 31. Nf5 Bg6 32. Nge3 Rg8 33. Kh2 Bf8 34. g3 Nh5 35. Qd3 Ng7 36. Nh6 Nh5 37. Nxg8 Kxg8 38. Bd1 Ng7 39. b3 h5 40. Bd2 Qb6 41. Rc1 Rxc1 42. Bxc1 b4 43. Be2 Nb7 44. Qxa6 Qxa6 45. Bxa6 Nc5 46. Bc4 Nxe4 47. Bd3 1-0

[Event "Arco op 28th"]
[Site "Arco"]
[Date "2006.10.26"]
[Round "6"]
[White "Vezzosi, Paolo"]
[Black "Hackbarth, Wolfgang"]
[Result "1/2-1/2"]
[WhiteElo "2311"]
[BlackElo "2137"]
[PlyCount "44"]
[EventDate "2006.10.21"]
[EventType "swiss"]
[EventRounds "9"]
[EventCountry "ITA"]
[SourceTitle "EXT 2007"]
[Source "ChessBase"]
[SourceDate "2006.11.23"]
[SourceVersion "1"]
[SourceVersionDate "2006.11.23"]
[SourceQuality "1"]

1. d4 Nf6 2. Nf3 b6 3. c4 e6 4. e3 Bb7 5. Nc3 Be7 6. Bd3 d5 7. cxd5 exd5 8. 0-0 0-0 9. Qe2 g6 10. Ne5 Nbd7 11. f4 c5 12. Qf2 Ne4 13. Nxe4 dxe4 14. Bc4 Kg7 15. f5 f6 16. Nxd7 Qxd7 17. Be6 Qc7 18. Bd2 Rad8 19. Bc3 Bd5 20. dxc5 Bxe6 21. cxb6 Qxb6 22. fxe6 Qxe6 1/2-1/2